00341nam a22001337a 4500003000500000038001500005082001000020100001800030245004800048260003700096300001200133500001500145600004700160NUST aMr. Zahoor a621.3 aIqra Muhammad aTemporal Spam IdentificationcIqra Muhammad aIslamabad :bCEME - NUST,c2018. a54 p. ; aHardcover. 2Computer Soaftware Engineering - MS Thesis